|
|
|
|
| LEADER |
02446nam a2200721 a 4500 |
| 001 |
nkc20071707488 |
| 003 |
CZ PrNK |
| 005 |
20100519150406.0 |
| 007 |
ta |
| 008 |
070202s2007 xr a e 000 0dcze |
| 015 |
|
|
|a cnb001707488
|
| 020 |
|
|
|a 978-80-86685-68-7
|q (váz.)
|
| 035 |
|
|
|a (OCoLC)124091457
|
| 040 |
|
|
|a ABA001
|b cze
|
| 041 |
1 |
|
|a cze
|h kor
|
| 043 |
|
|
|a a-kr---
|
| 045 |
|
|
|a t2u0
|
| 072 |
|
7 |
|a 22/24
|x Náboženství Dálného východu. Indická náboženství. Hinduismus. Buddhismus
|2 Konspekt
|9 5
|
| 080 |
|
|
|a 24-1/-9
|2 MRF
|
| 080 |
|
|
|a 24-256
|2 MRF
|
| 080 |
|
|
|a 244.82
|2 MRF
|
| 080 |
|
|
|a 244.82-583
|2 MRF
|
| 080 |
|
|
|a 244.82-584.5
|2 MRF
|
| 080 |
|
|
|a 165.322
|2 MRF
|
| 080 |
|
|
|a 2-335
|2 MRF
|
| 080 |
|
|
|a (519)
|2 MRF
|
| 080 |
|
|
|a (049)
|2 MRF
|
| 080 |
|
|
|a (0.072)
|2 MRF
|
| 100 |
0 |
|
|a Sosan Taesa,
|d 1520-1604
|7 jx20070202003
|4 aut
|
| 245 |
1 |
0 |
|a Zrcadlo zenu /
|c Mistr Sosan ; [přeložila Ivana M. Gruberová]
|
| 250 |
|
|
|a 1. vyd.
|
| 260 |
|
|
|a Praha :
|b DharmaGaia,
|c 2007
|
| 300 |
|
|
|a 137 s. :
|b il. ;
|c 20 cm
|
| 500 |
|
|
|a Přeloženo ze sinokorejštiny
|
| 500 |
|
|
|a Terminologický slovník
|
| 504 |
|
|
|a Obsahuje bibliografické odkazy
|
| 600 |
0 |
7 |
|a Sosan Taesa,
|d 1520-1604
|7 jx20070202003
|2 czenas
|
| 648 |
|
7 |
|a 16.-17. století
|7 ch757028
|2 czenas
|
| 650 |
0 |
7 |
|a učení buddhismu
|7 ph162902
|2 czenas
|
| 650 |
0 |
7 |
|a sútry
|7 ph126405
|2 czenas
|
| 650 |
0 |
7 |
|a zen-buddhismus
|7 ph116773
|2 czenas
|
| 650 |
0 |
7 |
|a zenová meditace
|7 ph127635
|2 czenas
|
| 650 |
0 |
7 |
|a duchovní cesta
|7 ph119626
|2 czenas
|
| 650 |
0 |
7 |
|a duchovní poznání
|7 ph119632
|2 czenas
|
| 650 |
0 |
7 |
|a duchovní učitelé
|7 ph119637
|z Korea
|y 16.-17. stol.
|2 czenas
|
| 650 |
0 |
9 |
|a Buddhist doctrine
|2 eczenas
|
| 650 |
0 |
9 |
|a sutras
|2 eczenas
|
| 650 |
0 |
9 |
|a Zen Buddhism
|2 eczenas
|
| 650 |
0 |
9 |
|a Zen meditations
|2 eczenas
|
| 650 |
0 |
9 |
|a spiritual path
|2 eczenas
|
| 650 |
0 |
9 |
|a spiritual knowledge
|2 eczenas
|
| 650 |
0 |
9 |
|a spiritual teachers
|z Korea
|y 16th-17th centuries
|2 eczenas
|
| 655 |
|
7 |
|a pojednání
|7 fd133056
|2 czenas
|
| 655 |
|
7 |
|a komentáře
|7 fd132578
|2 czenas
|
| 655 |
|
9 |
|a essays
|2 eczenas
|
| 655 |
|
9 |
|a commentaries
|2 eczenas
|
| 765 |
0 |
|
|t Songa kügam
|9 Česky
|
| 700 |
1 |
|
|a Gruberová, Ivana M.,
|d 1964-
|7 ola2002146305
|4 wfw
|4 trl
|
| 910 |
2 |
|
|a BOA001
|b 2-1186.331
|
| 990 |
|
|
|a BK
|
| 995 |
|
|
|a 01
|
| 991 |
|
|
|b 200705
|c NOV
|
| 996 |
6 |
|
|b 2610310994
|c 2-1186.331
|l MZK
|r Sklad / do 1 hodiny
|n 2
|p p.v.
|w 000850283
|u 000010
|a 1
|e BOA001
|j MZK50
|s P
|